| 000 | 00698nam a22002057a 4500 | ||
|---|---|---|---|
| 999 |
_c15775 _d15775 |
||
| 003 | OSt | ||
| 005 | 20201123153000.0 | ||
| 008 | 181213b ||||| |||| 00| 0 eng d | ||
| 022 | _a0730-3084 | ||
| 040 | _c0 | ||
| 082 | _aDPer 613.705 J863 Sept 2015-Apr 2016 v. 86-87 | ||
| 100 |
_a Petersen, Jeremy C. _942566 |
||
| 245 |
_aUSC swimmer lowers the bar/ _cJeremy C. Petersen, and Thomas H. Sawyer-editor. |
||
| 260 |
_aPhiladelphia: _bShape America-Society of Health and Physical Educators, _c©Sept 2015-Apr 2016. |
||
| 300 |
_av87, n1, pages 44-45: _billustrations; _c28 cm. |
||
| 500 | _aJOPERD | ||
| 650 |
_aSwimming. _933110 |
||
| 700 |
_aSawyer, T. H. _eEditor. _942599 |
||
| 942 |
_2ddc _cPER |
||